000
00330nam a22001337a 4500
008
170524b xxu||||| |||| 00| 0 eng d
020
_a
9783540572152
041
_a
ger
080
_a
621
100
_a
26
101
_a
IM
245
_a
MODELLIERUNG, SIMULATION UND OPTIMIERUNG VON NACHRICHTENSYSTEMEN
_c
SODER,G
942
_2
udc
_c
BK
999
_c
14098
_d
14098